[Event "Olomouc Skanska Cup"]
[Site "Olomouc"]
[Date "2004.08.06"]
[Round "3"]
[White "Balabaev, Timur"]
[Black "Lagowski, Patryk"]
[Result "0-1"]
[WhiteElo "2454"]
[BlackElo "2415"]
[Annotator "Atlas,V"]
[PlyCount "70"]
[EventDate "2004.08.04"]
[EventType "tourn"]
[EventRounds "11"]
[EventCountry "CZE"]
[EventCategory "9"]
[SourceTitle "CBM 103"]
[Source "ChessBase"]
[SourceDate "2004.11.11"]
[SourceVersion "1"]
[SourceVersionDate "2004.11.11"]
[SourceQuality "1"]

1. e4 {Konikowski} c5 2. Nf3 d6 3. d4 cxd4 4. Nxd4 Nf6 5. Nc3 a6 6. Be3 e5 7.
Nb3 Be7 8. f3 Be6 9. Qd2 O-O 10. O-O-O Qc7 11. g4 Rc8 12. Kb1 Nbd7 13. g5 Nh5
14. Nd5 Bxd5 15. exd5 Nb6 16. Na5 Nf4 17. Bxf4 exf4 18. Bh3 Re8 19. Qxf4 g6 {
'N' Konikowski.} (19... Bf8 {Konikowski} 20. Qb4 Re5 21. c4 Rae8 22. Rd3 $14 {
Almasi,Z-Agrest,E/Germany 2002/}) 20. Qd2 Bf8 21. b3 (21. f4 $5 $16 {Konikowski
}) 21... Bg7 22. c4 Re7 23. Rhe1 Rae8 24. Rxe7 $6 (24. f4 {is strongly met by}
Nxd5) ({would allow White to keep a durable advantage.} 24. Rc1) 24... Qxe7 25.
Kc2 Qe5 26. Nxb7 $4 ({After} 26. Rc1 h6 (26... Re7 $5) 27. Nxb7 (27. gxh6 $2
Qb2+ 28. Kd1 Qxd2+ 29. Kxd2 Bxh6+) 27... hxg5) (26. Rb1 {'>=' Konikowski.}) ({
or} 26. Rb1 Re7 {Black has compensation for the pawn. The careless text move
allows Black to conclude the game with a nice combination.}) {[%tqu "En",
"White is two pawns up, but his king is in a desperate situation. How should
Black continue?","Destroy White's pawn chain on the queenside power up Black's
attack.","Sascrifice your knight!","b6c4","This terrific blow yields Black an
irresistible attack.",6]} 26... Nxc4 $1 {[%csl Rb2,Rc2,Gc4,Rd1,Rd2,Ge5,Ge8,Gg7]
'-+!' Konikowski. After this beautiful sacrifice White's king is doomed.} 27.
bxc4 Qb2+ 28. Kd3 Qd4+ ({Much simpler was} 28... Qa3+ $1 {'!?' Konikowski.} 29.
Kc2 Qxa2+ 30. Kc1 Qa1+ 31. Kc2 Qb2+ 32. Kd3 Qb3+ {'-+' Konikowski. , with mate
on the next move.}) 29. Kc2 Qxc4+ ({Again,} 29... Qb2+ 30. Kd3 Qa3+ {forced
mate in a few moves.}) 30. Kb1 Rb8 {[%csl Rb1,Rb7,Gb8,Gc4,Gg7] White is
helpless against Black's manifold threats.} 31. Qc2 Rxb7+ 32. Kc1 Qf4+ 33. Rd2
Bb2+ 34. Kd1 Qxf3+ 35. Re2 Qxh3 0-1

[Event "United Insurance 4th"]
[Site "Dhaka"]
[Date "1999.02.27"]
[Round "9"]
[White "Hossain, Enamul"]
[Black "Zagrebelny, Sergey"]
[Result "0-1"]
[WhiteElo "2310"]
[BlackElo "2506"]
[Annotator "Atlas,V"]
[PlyCount "102"]
[EventDate "1999.02.19"]
[EventType "tourn"]
[EventRounds "13"]
[EventCountry "BAN"]
[EventCategory "10"]
[SourceTitle "CBM 070"]
[Source "ChessBase"]
[SourceDate "1999.06.08"]
[SourceVersion "1"]
[SourceVersionDate "1999.06.08"]
[SourceQuality "1"]

1. e4 c5 2. Nf3 d6 3. d4 cxd4 4. Nxd4 Nf6 5. Nc3 a6 6. Be3 e5 7. Nb3 Be6 8. f3
Be7 9. Qd2 O-O 10. O-O-O Nbd7 11. g4 b5 12. h4 Nb6 13. Na5 (13. Qf2 Nfd7 (13...
Rb8 14. Nc5 b4 15. N3a4 Nxa4 16. Nxa4 Qc7 17. Kb1 Bd7 18. Nb6 Bxg4 19. Bxa6 Be6
20. b3 Bd8 21. Na4 d5 22. Rhg1 g6 23. h5 dxe4 {0-1 Cherkasov,N-Pisulinski,J/
Polanica Zdroj 1992/EXT 98 (41)}) (13... Nc4 14. Bxc4 bxc4 15. Nc5 Qc7 16. N5a4
Rab8 17. h5 Qc6 18. Nb6 Bd8 19. g5 Ne8 20. Nbd5 f5 21. gxf6 Nxf6 22. Nxf6+ Bxf6
{0-1 Szalanczy,E-Vaulin,A/Kecskemet 1992/EXT 99 (62)}) 14. Kb1 Nc4 15. Bxc4
bxc4 16. Nc1 Rb8 17. N1e2 Qc7 18. Nd5 Bxd5 19. Rxd5 Rb7 20. Ka1 Rfb8 21. Rb1
Nf6 22. Rdd1 d5 23. g5 {1-0 Jedryczka,K-Dworakowska,J/Augustow 1996/EXT 99 (50)
}) (13. g5 Nfd7 14. Kb1 Qc7 15. h5 Nc5 16. g6 b4 17. Nd5 Nxd5 18. exd5 Nxb3 19.
axb3 Bf5 20. Bd3 Bxd3 21. Qxd3 Qd7 22. Rdg1 Bf6 23. gxh7+ Kh8 24. Bg5 Qe7 25.
Qf5 Bxg5 26. Rxg5 Qf6 27. h6 {1-0 Tolnai,T-Henriksson,C/Debrecen 1992/EU-chT 
(27)}) (13. h5 b4 14. Ne2 Nc4 15. Qd3 Nxe3 16. Qxe3 Nxg4 17. Qg1 Bg5+ 18. Kb1
Ne3 19. Rd3 Nxf1 20. Qxf1 Bc4 21. Rd1 Rc8 22. Qg2 h6 {0-1 Spyra,W-Licina,Z/
Novi Sad 1989/EXT 97 (38)}) 13... Qc7 14. g5 (14. Kb1 d5 15. g5 d4 16. gxf6
dxe3 17. Qxe3 Bxf6 18. Nb3 b4 19. Ne2 Rfc8 20. Qc1 a5 21. Bh3 Bxh3 22. Rxh3 a4
23. Nd2 b3 24. cxb3 Qd7 {0-1 Mihevc,N-Kokanovic,K/JUG-chW 1990/TD (24)}) 14...
Nh5 15. Nd5 Nxd5 16. exd5 Bd7 17. Bh3 Be8 $1 (17... Rfc8 $6 18. Bxd7 Qxd7 19.
Nc6 {with good play for White.}) 18. Bg4 f5 19. gxf6 Bxf6 (19... Nxf6 20. Be6+
Kh8 21. f4) 20. Kb1 Kh8 21. Rdg1 Nf4 22. Nb3 (22. h5 $6 Bg5) 22... Bf7 $1 {
[%csl Rb2,Rd5][%cal Ge3f4,Gf4d5,Gf7d5,Gf6a1] Forcing the exchange of the
dark-squared bishop for the knight, which leads to favourable for Black
opening of the main diagonal.} 23. Bxf4 exf4 24. Bf5 (24. Qxf4 Bxd5 {is bad
for White.}) 24... a5 $1 {[%csl Rb2][%cal Ga5a3,Gf6b2] The a-pawn march is the
most radical means of developing attack on the queenside.} 25. Be4 (25. a3 {
is eleganlty refuted by} a4 26. Nc1 b4 $1 27. axb4 (27. Qxb4 Rfb8) 27... a3 28.
c3 (28. b3 a2+ 29. Nxa2 Rxa2 30. Kxa2 Ra8+ 31. Kb1 Ra1#) 28... axb2 29. Kxb2 {
, and Black has a pleasant choice between 29...Bd5, 29...Qc4, ad 29...Rfb8,
winning in all cases.}) {The text move is better, but now Black has an
opportunity to reach with the a3-square with his a-pawn, entirely opening the
main diagonal.} 25... a4 26. Nc1 a3 27. b3 Rac8 (27... Bc3 {does not yield
anything in view of} 28. Qd3) 28. Rg2 Qc5 (28... Rce8 $5 {deserved here
serious attention:} 29. Nd3 (29. Ne2 $2 Rxe4 30. fxe4 f3 $17) 29... Bc3 30. Qc1
Bd4 31. Qd2 (31. Nxf4 Qc3 $19) 31... Be3) 29. Ne2 Be5 30. Rd1 b4 31. Qd3 Bg8
32. Rc1 Qa5 33. Rd1 ({Premature pawn advance} 33. c4 {fails to} bxc3 34. Rc2
Rc5) 33... Rc5 34. Rg4 Rc7 (34... Qd8 $5 {led to unclear complications:} 35.
Qd2 Rc3 $5 ({Tempting} 35... Qf6 {proves insufficient:} 36. Qxb4 Ba1 37. Qxa3 (
37. Nd4 Bc3 38. Qa4 Bxd5 $36) 37... Ra5 38. Qc1 Be5 (38... Rxa2 39. Kxa2 Ra8+
40. Kb1 Bc3 41. Nxc3 Qxc3 42. Qb2) 39. c3) 36. Nxf4 (36. Nxc3 Bxc3 37. Qf2 Qf6
$13) 36... Qf6 37. Ne2) 35. Qd2 Qc5 36. Nxf4 $6 (36. Qd3 {was more stubborn.})
36... Bxf4 37. Rxf4 Rxf4 38. Qxf4 Qc3 39. Qc1 Bf7 40. Rd3 Qf6 {There is no way
to protect the h4-pawn.} 41. c4 Qxh4 42. Rd1 Qf6 43. Qc2 h6 44. Rg1 g5 {
White is lost. He has nothing to oppose the activization of the black pieces
and march of the h-pawn.} 45. Rg2 Re7 46. Kc1 {White tries to evacuate his
king from the dangerous zone, but also in the centre he is exposed to Black's
attack.} Kg7 47. Kd2 Qf4+ 48. Kd3 (48. Ke2 {loses after} Bg6) 48... Bg6 49. Qe2
(49. Bxg6 Qe3#) (49. Re2 Qxf3+ $19) 49... Qe5 {Threatening 50...Qc3#.} 50. Qe1
$6 Qf6 51. Rf2 $2 ({After this mistake White loses immediately. More stubborn
was} 51. Qe3 {, although after} Qc3+ 52. Ke2 Qa1 {White's position is
unbearable.}) 51... g4 $1 {The decisive strike! Eliminating the f3-pawn, Black
entirely destroys the defensive construction of his opponent.} (51... g4 52.
fxg4 (52. Qe3 gxf3 53. Rxf3 Bxe4+ 54. Qxe4 Qc3+) 52... Bxe4+ 53. Qxe4 Qc3+) 0-1

[Event "Pamplona 9899 9th"]
[Site "Pamplona"]
[Date "1999.01.05"]
[Round "9"]
[White "Morozevich, Alexander"]
[Black "Van Wely, Loek"]
[Result "1-0"]
[WhiteElo "2625"]
[BlackElo "2635"]
[Annotator "Atlas,V"]
[PlyCount "101"]
[EventDate "1998.12.27"]
[EventType "tourn"]
[EventRounds "9"]
[EventCountry "ESP"]
[EventCategory "13"]
[SourceTitle "CBM 069"]
[Source "ChessBase"]
[SourceDate "1999.04.01"]
[SourceVersion "1"]
[SourceVersionDate "1999.04.01"]
[SourceQuality "1"]

{[%mdl 4]} 1. e4 c5 2. Nf3 d6 3. d4 cxd4 4. Nxd4 Nf6 5. Nc3 a6 6. f3 e5 7. Nb3
Be6 8. Be3 Nbd7 9. Qd2 h5 10. a4 ({The principal continuation.} 10. O-O-O b5
11. Nd5 Nxd5 12. exd5 Bf5 13. Bd3 (13. Kb1 Rc8 14. Bd3 Bxd3 15. cxd3 Be7 16.
Na5 Nf6 17. d4 Nxd5 18. dxe5 Nxe3 19. Qxe3 O-O {1/2-1/2 Khachian,M-Sadvakasov,
D/Omsk 1996/CBM 57 (45)}) 13... Bxd3 14. Qxd3 g6 15. f4 Bh6 16. Rde1 O-O (16...
Kf8 17. Rhf1 Kg7 18. f5 Rc8 19. Kb1 Nf6 20. fxg6 fxg6 21. Nd4 exd4 22. Bxd4 Bg5
{1/2-1/2 Krakops,M-Sadvakasov,D/Menorca 1996/Juniors (39)}) 17. f5 Bxe3+ 18.
Rxe3 Qg5 19. Rf1 Nf6 20. h4 Qh6 21. Kb1 Rac8 22. Rg3 Kg7 {0-1 Kasimdzhanov,
R-Sadvakasov,D/Menorca 1996/Juniors (42)}) (10. Nd5 Nxd5 11. exd5 Bf5 12. Be2
g6 13. Na5 Qc7 14. O-O Bg7 15. c4 b6 16. Nc6 Nb8 17. Nxb8 Rxb8 18. b4 O-O 19.
Rac1 Rfd8 20. a4 Qd7 21. a5 {1/2-1/2 Nijboer,F-Van Wely,L/Wijk aan Zee 1998/
CBM 63 (35)}) 10... Be7 11. Be2 $5 ({The only way to struggle for the opening
advantage.} 11. a5 O-O 12. Be2 Rc8 13. O-O Nc5 14. Nxc5 dxc5 15. Qe1 c4 16. Kh1
Nd7 17. Na4 Bd6 {1/2-1/2 Bologan,V-Sakaev,K/St.Petersburg 1995/CBM 46 ext (17)}
) (11. O-O-O O-O 12. Qf2 Qc7 13. Kb1 Rfc8 14. Nd5 Nxd5 15. exd5 Bf5 16. Bd3
Bxd3 17. Rxd3 Qc4 18. a5 Bd8 19. Rc1 Qb5 20. g4 {1/2-1/2 Jirovsky,P-Jaracz,P/
Pardubice 1998/EXT 99 (41)}) 11... Nb6 12. O-O Nc4 13. Bxc4 Bxc4 14. Rfd1 O-O
15. Bg5 Bxb3 $6 ({Winning a pawn, but getting under strong pressure. Instead,} 
15... Qb6+ {deserved serious attention here:} 16. Kh1 (16. Qf2 Qxf2+ 17. Kxf2
Ng4+ {yields Black counterplay}) 16... Rfd8 17. Bxf6 Bxf6 18. Nd5 Bxd5 19. Qxd5
Bg5 $1 {threatening 20...Qf2, and Black has good counterchances.}) 16. Bxf6
Bxf6 ({There is no way to retain the light-squared bishop. After} 16... Be6 $2
17. Bxe7 Qxe7 18. Qxd6 Qxd6 19. Rxd6 {Black has no compensation for the pawn.})
17. cxb3 Qb6+ 18. Kh1 Qxb3 19. Nd5 Rfc8 (19... Kh7 $2 {, aiming at preventing
the queen thrust at h6 after exchanging the knight for the bishop, fails to}
20. Ra3 Qc4 21. Nb6 {, winning.}) 20. Nxf6+ gxf6 21. Qh6 Qe6 ({After} 21...
Qxb2 $2 22. Qxf6 {White's attack seems irresisitible.}) 22. Rd2 (22. Qxh5 $2 {
would be a wrong choice. After} Kf8 {the black king finds a safe asylum at e7,
whilst black rooks develop dangerous attack along g- and h-files. It is very
important for White not to allow the Black king to escape in the center.})
22... Rc6 (22... f5 {yields White a large advantage after simple} 23. Qxe6 fxe6
24. Rxd6) 23. Rg1 $1 {[%csl Rg8][%cal Gg2g4,Gg1g8] Threatening 24. g4.} ({
Premature} 23. g4 {falls short of} hxg4 24. Rg1 f5 25. Qg5+ Qg6) 23... f5 {
The only move.} ({After} 23... Rac8 {the rapid march of the g-pawn decides the
game:} 24. g4 Rc1 25. Rdg2 Rxg1+ 26. Rxg1 h4 27. g5 $1 f5 28. g6 $1 {, and
White wins.}) 24. Qxh5 fxe4 (24... f4 $2 {loses on the spot after} 25. g3) 25.
fxe4 Qg6 26. Qh4 ({After} 26. Qxg6+ fxg6 27. Rgd1 Rf8 $1 {, Black has good
chances to survive the rook ending.}) 26... Kg7 $1 {Bringing the a8-rook into
play.} 27. Rd3 (27. Rf1 {is strongly met by} Rac8 (27... Rh8 $6 28. Qe7 Rc1 $2
29. Rxc1 Qh6 30. h3 Qxd2 31. Rf1 Rf8 32. Rf3 $18) 28. Rdf2 Rc1 29. Qe7 $140 $6
Rxf1+ (29... R8c7 $2 30. Rxf7+ Qxf7 31. Qxf7+ Rxf7 32. Rxc1) 30. Rxf1 Rc2 $17)
27... Rh8 28. Qe7 Rh6 29. Rf1 ({Premature} 29. Qxb7 {is elegantly refuted by
the breaking pawn advance} d5 $1 30. Rxd5 $2 (30. exd5 {fails to} Rb6 $19 ({
certainly, not} 30... Qxd3 $2 {which loses after} 31. dxc6 Qg3 32. h3 $18))
30... Rxh2+ $1 ({forces mate in four;} 30... Qg3 31. h3 Rcg6 32. Qd7 Rg4 33.
Rd3 $140 Rxh3+ 34. gxh3 Qxg1# {wins as well}) 31. Kxh2 Qh6+ 32. Kg3 Qf4+ 33.
Kh3 Rh6#) 29... Qe6 ({No time for taking care of the b7-pawn:} 29... b5 30. Rg3
(30. Rdf3 {wins on the spot as well}) 30... Qxg3 31. Rxf7+ Kg6 32. Rf6+ Kh5 33.
Rf5+ Kg4 (33... Kg6 34. Qf7#) 34. Qg5#) 30. Qxb7 Rf6 31. Rg3+ Kf8 32. Rg1 Qc8
33. Qb3 {The pawn up ending is clearly better for White. However black has a
counterplay, and the subtle play play is required to convert White's advantage.
Now, it would be an imprecision to exchange queens, as in the rook ending
Black has good chances to draw.} Rc1 34. Rc3 Rxc3 35. bxc3 Qc6 36. Qb4 Rf4 37.
Re1 Kg7 (37... f5 $6 {is strongly met by} 38. Qb8+) 38. h3 a5 $2 ({The
decisive mistake. Instead of the text move, the natural} 38... f5 $1 {advance
would yield Black a dangerous counterplay. The occuring queen ending is
winning for White.}) 39. Qxa5 Rxe4 40. Rxe4 Qxe4 41. Qb4 Qe1+ 42. Kh2 d5 43.
Qg4+ Kf6 44. h4 {The h-pawn march decides the game.} Ke7 (44... Qxc3 45. h5 e4
46. h6 Ke7 47. Qg7 {leads to transpostion.}) 45. h5 Qxc3 46. h6 e4 47. Qg7 Qe3
48. Qe5+ Kd7 49. Qxd5+ Ke7 50. Qe5+ Kd7 51. Qf6 {Black reresigned, as he has
no way to prevent promoting the h-pawn.} 1-0

[Event "HUN-ch"]
[Site "Lillafured"]
[Date "1999.02.06"]
[Round "6"]
[White "Tolnai, Tibor"]
[Black "Almasi, Zoltan"]
[Result "0-1"]
[WhiteElo "2535"]
[BlackElo "2665"]
[Annotator "Atlas,V"]
[PlyCount "74"]
[EventDate "1999.02.01"]
[EventType "tourn"]
[EventRounds "9"]
[EventCountry "HUN"]
[EventCategory "13"]
[SourceTitle "CBM 070"]
[Source "ChessBase"]
[SourceDate "1999.06.08"]
[SourceVersion "1"]
[SourceVersionDate "1999.06.08"]
[SourceQuality "1"]

1. e4 c5 2. Nf3 d6 3. d4 cxd4 4. Nxd4 Nf6 5. Nc3 a6 6. Be3 Ng4 (6... e5 7. Nb3
Be6 8. Qd2 Nbd7 9. f3 Be7 10. g4 h6 11. O-O-O b5 12. Kb1 (12. a3 Nb6 13. Qf2
Nc4 14. Bxc4 bxc4 15. Nc5 Qa5 16. Nxe6 Rb8 17. Nxg7+ Kd7 18. Nf5 Rxb2 19. Kxb2
Rb8+ 20. Ka2 Qxc3 21. Rb1 d5 {1-0 Haas-Eitel,H/Ingolstadt 1989/EXT 97 (21)}) (
12. Qf2 b4 13. Na4 (13. Nd5 Bxd5 14. exd5 a5 15. Kb1 a4 16. Nc1 Qa5 17. Qd2 Nb6
18. Bxb6 Qxb6 19. h4 Nd7 20. Bd3 a3 21. Bf5 axb2 22. Bxd7+ Kxd7 23. Kxb2 {
1-0 Stephan,A-Partzsch,L/OLNN 1992/EXT 97-B (40)}) 13... Qc7 14. Nb6 Nxb6 15.
Bxb6 Qc6 16. Kb1 Nd7 17. Be3 a5 18. Nc1 O-O 19. h4 Rfc8 20. g5 h5 21. Bh3 g6
22. Nd3 Rc7 {1/2-1/2 Gdanski,J-Malisauskas,V/Bielsko Biala 1990/EXT 97 (22)})
12... b4 13. Nd5 Bxd5 14. exd5 Nb6 15. h4 Nbxd5 16. g5 Nxe3 17. gxf6 Nxf1 18.
Qxb4 Bxf6 19. Rxd6 Qe7 20. Qa4+ Kf8 21. Qc6 Qe8 22. Rxf6 gxf6 23. Qxf6 Rh7 24.
Rxf1 {0-1 Kolasinski,M-Pisulinski,J/Bielsko Biala 1990/EXT 97 (38)}) 7. Bc1 Nf6
8. Be3 e5 9. Nb3 Be6 10. Qd2 Nbd7 11. f3 Be7 12. g4 h6 13. O-O-O b5 14. Kb1 Nb6
15. Qf2 Rb8 16. Nc5 b4 17. Nxe6 {[17.Ne2 Nc4 18.Nxe6 fxe6 19.Ng3 Nxe3 20.Qxe3
Nd7 21.Bxa6 Nc5 22.Bc4 Bg5 23.Qe2 Ra8 Shirov,A-Gelfand,B/Belgrade 1997/CBM 62 
(55)]} fxe6 18. Bxb6 $6 {A dubious attempt to improve Shirov's play.} Rxb6 19.
Na4 Rc6 20. h4 O-O 21. Qg3 (21. g5 {is met by} Nh5 $1 ({If} 21... hxg5 $6 22.
hxg5 Nxe4 {then} 23. Qg2 $1 Nxg5 (23... Nc5 24. Nxc5 Rxc5 25. Qh3 Bxg5 26.
Qxe6+ $18) 24. f4 d5 25. fxg5 Bxg5 26. Bd3 $40) 22. gxh6 gxh6 23. Rg1+ Kh7 {
followed by ...Nf4}) {Now White threatens 22.g5 Nh5 23.Qg4.} 21... Qe8 22. b3
Qf7 23. Qe1 Rb8 24. Bd3 Ne8 25. g5 $2 ({This pawn sacrifice is insufficient.} 
25. Qe2 Nc7 26. Rdg1 {was to be preferred.}) (25. Qg3 {is strongly met by} Qf4)
25... hxg5 (25... h5 {also yields Black a better play, but the text move is
much stronger.}) 26. hxg5 Bxg5 (26... Qxf3 $2 27. Qh4 $18) 27. Qg3 Qf4 $1 {
[%cal Gg8f7,Gf7e7] Vacating the f7-square for the king.} 28. Qh3 Kf7 29. Bc4
Nc7 30. Nb2 Ke7 {The safest location for the black king in the given position.}
31. Rdg1 Bf6 32. Nd3 (32. Rg2 {is strongly met by} d5) 32... Qd2 33. Rh2 Qc3
34. Rhg2 (34. Qh7 d5 $2 {is refuted by} 35. Rxg7+ Bxg7 36. Qxg7+ Kd6 37. Rh7)
34... Re8 35. f4 (35. Nb2 {falls short after} d5 36. exd5 e4 37. Rxg7+ Kd8 38.
Rd7+ Kc8) 35... exf4 36. e5 dxe5 37. Rxg7+ Kd8 {[%csl Rb1,Rg7][%cal Ge5e4,
Gf6a1,Gf6g7]} (37... Bxg7 38. Rxg7+ Kd6 39. Qh7 Rd8 {is sufficient for win,
but the text move wins immediately, as White is defenseles against the threat
e5-e4.}) 0-1

[Event "Sonsbeek SNS"]
[Site "Arnhem"]
[Date "1999.05.03"]
[Round "2"]
[White "Xie, Jun"]
[Black "Sadler, Matthew D"]
[Result "0-1"]
[WhiteElo "2532"]
[BlackElo "2667"]
[Annotator "Atlas,V"]
[PlyCount "88"]
[EventDate "1999.05.??"]
[EventType "tourn"]
[EventRounds "6"]
[EventCountry "NED"]
[EventCategory "14"]
[SourceTitle "CBM 071"]
[Source "ChessBase"]
[SourceDate "1999.08.01"]
[SourceVersion "1"]
[SourceVersionDate "1999.08.01"]
[SourceQuality "1"]

{[%mdl 132]} 1. e4 c5 2. Nf3 d6 3. d4 cxd4 4. Nxd4 Nf6 5. Nc3 a6 6. Be3 e5 7.
Nf3 Be7 8. Bc4 O-O 9. O-O Be6 10. Qd3 Nc6 (10... h6 11. Nd5 Nbd7 12. c3 Rc8 13.
Rad1 Nxd5 14. Bxd5 Qc7 15. Nd2 Nf6 16. Bxe6 fxe6 17. c4 Qc6 18. f3 d5 19. cxd5
exd5 20. exd5 Qxd5 21. Nb3 Qxd3 22. Rxd3 Rc2 23. Rd2 Rfc8 {1/2-1/2 Smikovski,
I-Rechel,B/Berlin 1998/CBM 66 ext (23)}) (10... Bxc4 11. Qxc4 b5 12. Qd3 Nbd7
13. Rfd1 Rc8 14. a3 Nc5 15. Bxc5 Rxc5 16. Nd2 Qa8 17. Nf1 Rc4 18. Ne3 Rd4 19.
Qe2 Nxe4 20. Nf5 {1-0 Turzo,A-Das,D/Balatonbereny 1996/CBM 53 ext (31)}) 11. a3
b5 $5 ({An interesting alternative to the standard continuation} 11... Na5 12.
Bxe6 fxe6 13. Na4 Nd7 (13... Re8 14. Rad1 b5 15. Bb6 Qc8 16. Bxa5 bxa4 17. Rde1
Qc6 18. Nd2 Rac8 19. Bc3 Nd7 20. f4 exf4 21. Rxf4 Bf6 22. Bxf6 Nxf6 {0-1
Rowson,J-Sadler,M/Torquay 1998/CBM 66 ext (34)}) 14. b4 Nc6 15. c4 Qe8 16. Nd2
Kh8 17. Nb3 Qg6 18. Nb6 Nxb6 19. Bxb6 Rac8 20. Rad1 Rf7 21. f3 h6 22. b5 Nb8
23. a4 Bf8 24. Be3 Nd7 {1/2-1/2 Shirov,A-Gavrikov,V/Horgen 1994/CBM 43 (31)})
12. Bd5 Rc8 13. Nd2 h6 14. Bxc6 Rxc6 15. Nd5 Qd7 16. b3 (16. a4 $5 {deserved
serious attention here:} Rb8 (16... bxa4 17. c4 $5) 17. axb5 axb5 (17... Rxb5
$2 18. Nxe7+ Qxe7 19. Rxa6 $16) 18. Ra5 {/\Rfa1, קb5}) 16... Bxd5 17. exd5 Rc7
18. a4 ({If} 18. c4 {then} Ng4 {, with good counterchances.}) 18... Rb8 19.
axb5 axb5 20. Ra5 $6 ({Natural move, which, however yields Black good
counterplay after the knight thrust. More prudent was} 20. h3 {or 20.f3} Qc8
21. c4 {, with mutual chances.}) 20... Ng4 $1 21. Rfa1 $6 ({White
underestimates counterplay of her opponent.} 21. h3 Nxe3 22. fxe3 {was to be
preferred.}) 21... f5 22. Ra8 Rxa8 23. Rxa8+ Kf7 24. c4 Rb7 25. h3 Nxe3 26.
Qxe3 (26. fxe3 {is strongly met by} e4) 26... Bg5 27. Qc3 e4 $17 28. cxb5 $2 {
[%csl Rb3,Rb5,Rd5][%cal Gb7b3,Gb5d5]} ({After this move White's position is
lost. More stubborn was} 28. Nf1) 28... Rxb5 29. Nc4 Rxd5 30. Kh2 Bf6 31. Qb4
Kg6 32. Ra6 Rd4 33. g3 ({Certainly, not} 33. Rxd6 $2 Rxd6 34. Qxd6 Qxd6+ 35.
Nxd6 Be5+) 33... f4 $1 {[%mdl 128] Signal to attack!} 34. gxf4 ({More stubbor,
but still insufficient was} 34. Rxd6 Qf5 (34... Qxd6 35. Qxd6 Rxd6 36. Nxd6 e3
37. fxe3 fxe3 38. Kg2 e2 39. Kf2) (34... fxg3+ 35. fxg3 Qf5 36. Qe1) 35. Qe1 (
35. Rxd4 $2 fxg3+ 36. Kxg3 Qf3+ (36... Bh4+ $19) 37. Kh2 Qxf2+ $19) 35... e3 $1
36. fxe3 Qc2+ 37. Kg1 (37. Kh1 Rxd6 (37... f3 38. Qf1 Qe2 39. Kg1 Rxd6 40. Nxd6
Qxe3+) 38. Nxd6 Qc6+ $19) 37... Rxd6 (37... fxe3 $2 38. Ne5+ (38. Qxe3 $140 $2
Qd1+ $19)) 38. Nxd6 Bc3 (38... fxe3 39. Nc4 e2 40. Kf2 Bd4+ 41. Ne3) 39. Qf1
fxe3 $19) 34... Qf5 35. Rxd6 Qxf4+ 36. Kg1 e3 $1 {[%csl Rf2][%cal Ge3f2,Gf4f2,
Gd4b4] The decisive thrust.} 37. fxe3 (37. Rxd4 Qxf2+ $19) 37... Qg3+ 38. Kf1
Qxh3+ 39. Ke2 ({If} 39. Kg1 $2 {then} Rg4+) (39. Kf2 {is refuted by} Qf5+ (
39... Rg4 $2 40. Ne5+) 40. Ke1 (40. Ke2 Rh4 {/\Rh2+, with irresistible mate
attack.}) 40... Rh4 (40... Rg4 41. Ne5+) 41. Qb7 Qb1+ 42. Rd1 Bc3+ 43. Nd2 Qd3
$19) 39... Qg2+ 40. Ke1 Qg1+ 41. Ke2 Qg2+ 42. Ke1 Rh4 43. Rxf6+ gxf6 ({
Certainly, not} 43... Kxf6 $2 44. Qf8+ Kg6 45. Ne5+ Kh5 (45... Kh7 46. Qf5+ Kg8
47. Qe6+ Kh7 48. Qf5+ $11) 46. Qf5+ Qg5 47. Qf3+) 44. Ne5+ Kh5 {[%csl Re1]
[%cal Gh4h1,Gh1a1,Gg2a2]} 0-1